Computer architecture : a quantitative approach (Record no. 11265)
[ view plain ]
| 000 -LEADER | |
|---|---|
| fixed length control field | 00454 a2200169 4500 |
| 020 ## - INTERNATIONAL STANDARD BOOK NUMBER | |
| International Standard Book Number | 9789381269220 |
| 082 ## - DEWEY DECIMAL CLASSIFICATION NUMBER | |
| Classification number | 004.22 |
| 090 ## - LOCALLY ASSIGNED LC-TYPE CALL NUMBER (OCLC); LOCAL CALL NUMBER (RLIN) | |
| -- | 7462 |
| -- | 7462 |
| 100 ## - MAIN ENTRY--PERSONAL NAME | |
| Personal name | Hennessy, John L |
| 110 ## - MAIN ENTRY--CORPORATE NAME | |
| Corporate name or jurisdiction name as entry element | Patterson, David A |
| 245 ## - TITLE STATEMENT | |
| Title | Computer architecture : a quantitative approach |
| Statement of responsibility, etc. | John L.Hennessy |
| 250 ## - EDITION STATEMENT | |
| Edition statement | 5th ed. |
| 260 ## - PUBLICATION, DISTRIBUTION, ETC. | |
| Place of publication, distribution, etc. | New Delhi |
| Name of publisher, distributor, etc. | MK Publisher |
| Date of publication, distribution, etc. | 2012. |
| 650 ## - SUBJECT ADDED ENTRY--TOPICAL TERM | |
| Topical term or geographic name entry element | Computer architecture |
| 700 ## - ADDED ENTRY--PERSONAL NAME | |
| Personal name | John L.Hennessy |
| 942 ## - ADDED ENTRY ELEMENTS (KOHA) | |
| Koha item type | Book |
| Call number prefix | 004.22 HEN |
| Withdrawn status | Lost status | Damaged status | Not for loan | Collection code | Permanent Location | Current Location | Shelving location | Date acquired | Source of acquisition | Cost, normal purchase price | Total Checkouts | Total Renewals | Full call number | Barcode | Date last seen | Date last checked out | Price effective from | Koha item type |
|---|---|---|---|---|---|---|---|---|---|---|---|---|---|---|---|---|---|---|
| Central Library (CL) | Central Library (CL) | First Floor - Data Communication/Network/Architecture | 09/20/2012 | Allied Book Company | 812.70 | 3 | 3 | 004.22 HEN | SEECS011570 | 01/29/2025 | 03/15/2021 | 01/05/2017 | Book |
